[Event "Olimpiada de Khanty-Mansiysk 2010"]
[Site "Khanty-Mansiysk RUS"]
[Date "2010.09.29"]
[Round "8"]
[White "Baules, Jorge"]
[Black "Gemy, Jose Daniel"]
[Result "1-0"]
[WhiteElo "2335"]
[BlackElo "2325"]
[PlyCount "87"]
[EventDate "2010.09.21"]
[EventType "team"]
[EventRounds "11"]
[EventCountry "RUS"]
[Source "lmi"]
[SourceDate "2010.09.21"]
[WhiteTeam "Panamá"]
[BlackTeam "Bolivia"]
[WhiteTeamCountry "PAN"]
[BlackTeamCountry "BOL"]

1. d4 Nf6 2. Nf3 e6 3. Bg5 d5 4. Nbd2 Nbd7 5. e3 h6 6. Bh4 Be7 7. Bd3 b6 8. Qe2
Bb7 9. O-O Ne4 10. Bxe7 Qxe7 11. c4 O-O 12. Rac1 c5 13. cxd5 exd5 14. dxc5
Ndxc5 15. Nd4 a5 16. Bb5 Rac8 17. Rfd1 f5 18. a3 a4 19. Nb1 Qd6 20. f3 Ng5 21.
Nc3 Ra8 22. Qc2 f4 23. exf4 Rxf4 24. Nf5 Qe6 25. Nxd5 Bxd5 26. Rxd5 Kh8 27.
Rcd1 Rf8 28. Ng3 Qe3+ 29. Kh1 Qe7 30. Nh5 Rh4 31. Qg6 Nge6 32. g3 Rxh5 33. Rxh5
Rxf3 34. Rf5 Rxf5 35. Qxf5 Ng5 36. Qd5 Qe3 37. Bc4 Nge6 38. Rf1 Qd4 39. Rf8+
Kh7 40. Qf5+ g6 41. Qf7+ Qg7 42. Bxe6 Nxe6 43. Qxg7+ Kxg7 44. Rb8 1-0

[Event "Olimpiada de Khanty-Mansiysk 2010"]
[Site "Khanty-Mansiysk RUS"]
[Date "2010.09.29"]
[Round "8"]
[White "Mendoza, Rodrigo"]
[Black "Sanchez, Jorge"]
[Result "0-1"]
[WhiteElo "2124"]
[BlackElo "2163"]
[PlyCount "76"]
[EventDate "2010.09.21"]
[EventType "team"]
[EventRounds "11"]
[EventCountry "RUS"]
[Source "lmi"]
[SourceDate "2010.09.21"]
[WhiteTeam "Bolivia"]
[BlackTeam "Panamá"]
[WhiteTeamCountry "BOL"]
[BlackTeamCountry "PAN"]

1. d4 Nf6 2. Nf3 g6 3. c4 Bg7 4. Nc3 O-O 5. Bg5 d6 6. e3 Nbd7 7. Be2 e5 8. O-O
h6 9. Bh4 g5 10. Bg3 Nh5 11. dxe5 Nxg3 12. hxg3 dxe5 13. Rc1 c6 14. Ne4 Qe7 15.
c5 a5 16. Nd6 Nf6 17. Bc4 Bg4 18. Qb3 b5 19. Bxf7+ Kh8 20. Bg6 Nd5 21. e4 a4
22. Qa3 Bxf3 23. gxf3 Nf4 24. Bf5 Ne2+ 25. Kg2 Nxc1 26. Rxc1 Rf6 27. Qe3 Bf8
28. Rh1 Qg7 29. Rd1 Qc7 30. Qc3 Qe7 31. f4 gxf4 32. gxf4 Qg7+ 33. Kf1 Bxd6 34.
cxd6 exf4 35. Qxc6 Rg8 36. Qc5 f3 37. Ke1 Rxf5 38. Qxf5 Qxb2 0-1

[Event "Olimpiada de Khanty-Mansiysk 2010"]
[Site "Khanty-Mansiysk RUS"]
[Date "2010.09.29"]
[Round "8"]
[White "Arosemena, Jose Luis"]
[Black "Borda, Alan"]
[Result "1-0"]
[WhiteElo "2203"]
[BlackElo "2164"]
[PlyCount "117"]
[EventDate "2010.09.21"]
[EventType "team"]
[EventRounds "11"]
[EventCountry "RUS"]
[Source "lmi"]
[SourceDate "2010.09.21"]
[WhiteTeam "Panamá"]
[BlackTeam "Bolivia"]
[WhiteTeamCountry "PAN"]
[BlackTeamCountry "BOL"]

1. e4 c6 2. d4 d5 3. Nd2 dxe4 4. Nxe4 Nd7 5. Nf3 Ngf6 6. Nxf6+ Nxf6 7. Bd3 Bg4
8. c3 e6 9. O-O Be7 10. Re1 O-O 11. Bg5 Qd5 12. Re5 Bxf3 13. gxf3 Qd7 14. Kh1
Nd5 15. f4 g6 16. Bh6 Rfe8 17. f5 Bf6 18. fxg6 hxg6 19. Rh5 Bg7 20. Qd2 Bh8 21.
Rg1 Ne7 22. Bf8 Rxf8 23. Qh6 Qd5+ 24. Rxd5 cxd5 25. h4 Bg7 26. Qf4 Nc6 27. h5
e5 28. dxe5 Nxe5 29. Bc2 Rae8 30. Rg3 Nc4 31. Qh4 Nd2 32. hxg6 fxg6 33. Bxg6
Re1+ 34. Kg2 Rf6 35. Qh7+ Kf8 36. Bh5 Re7 37. f3 Nc4 38. Kf2 Rd6 39. Qf5+ Kg8
40. Qc8+ Kh7 41. Bg4 Ne3 42. Rh3+ Rh6 43. Bf5+ Nxf5 44. Qxf5+ Kg8 45. Rxh6 Bxh6
46. Qxd5+ Kf8 47. Qf5+ Kg7 48. c4 b6 49. b4 Be3+ 50. Kg2 Bc1 51. Qc2 Be3 52. c5
bxc5 53. bxc5 Kf8 54. Qf5+ Kg8 55. a4 Rf7 56. Qd5 Bf4 57. Qd8+ Kg7 58. c6 Bc7
59. Qd4+ 1-0

[Event "Olimpiada de Khanty-Mansiysk 2010"]
[Site "Khanty-Mansiysk RUS"]
[Date "2010.09.29"]
[Round "8"]
[White "Celis, Solomon B"]
[Black "Lin, Chieh-Sheng Jason"]
[Result "1-0"]
[WhiteElo "1985"]
[BlackElo "1736"]
[PlyCount "129"]
[EventDate "2010.09.21"]
[EventType "team"]
[EventRounds "11"]
[EventCountry "RUS"]
[Source "lmi"]
[SourceDate "2010.09.21"]
[WhiteTeam "Macao"]
[BlackTeam "TPE"]
[WhiteTeamCountry "MAC"]

1. e4 d6 2. d4 Nf6 3. Nc3 g6 4. Bg5 Bg7 5. f4 c6 6. Nf3 Bg4 7. h3 Bxf3 8. Qxf3
O-O 9. e5 dxe5 10. fxe5 Nd5 11. Nxd5 cxd5 12. O-O-O Nc6 13. Kb1 Rc8 14. g4 Qd7
15. Bg2 e6 16. Bf6 Nb4 17. c3 Nc6 18. h4 Bxf6 19. exf6 Qd6 20. h5 Rc7 21. Rdf1
b5 22. Qe3 Rfc8 23. Qh3 Qf8 24. g5 Re8 25. Re1 Qd6 26. Rhf1 Nd8 27. Re5 Qc6 28.
Qh1 b4 29. Rc1 b3 30. a3 Qd7 31. Rce1 Rf8 32. hxg6 fxg6 33. Bh3 Rc6 34. Qg2 Qf7
35. R1e3 Re8 36. Qe2 Rd6 37. Bg2 Qd7 38. Bh3 Qf7 39. Qg4 a5 40. Re1 a4 41. Qe2
Qd7 42. Qg4 Qf7 43. Bf1 Qd7 44. Bd3 Rf8 45. Rh1 Qf7 46. Re3 h5 47. Qf4 Rb6 48.
Reh3 Nb7 49. Ka1 Rd6 50. Qf1 Rd7 51. Qb1 Qxf6 52. gxf6 Rxf6 53. Bxg6 Rg7 54.
Bxh5 Nd6 55. Rg1 Rxg1 56. Qxg1+ Kf8 57. Rf3 Nf5 58. Bg6 Ke7 59. Bxf5 exf5 60.
Qg7+ Rf7 61. Qe5+ Kd8 62. Qxd5+ Ke8 63. Rxf5 Rg7 64. Qe5+ Re7 65. Qxe7+ 1-0

[Event "Olimpiada de Khanty-Mansiysk 2010"]
[Site "Khanty-Mansiysk RUS"]
[Date "2010.09.29"]
[Round "8"]
[White "Ho, Men-Wei"]
[Black "Abelgas, Rodolfo Varron"]
[Result "1-0"]
[WhiteElo "1536"]
[BlackElo "1926"]
[PlyCount "133"]
[EventDate "2010.09.21"]
[EventType "team"]
[EventRounds "11"]
[EventCountry "RUS"]
[Source "lmi"]
[SourceDate "2010.09.21"]
[WhiteTeam "TPE"]
[BlackTeam "Macao"]
[BlackTeamCountry "MAC"]

1. e4 c5 2. Nf3 d6 3. d4 cxd4 4. Nxd4 Nf6 5. Nc3 a6 6. Be3 Qc7 7. Be2 g6 8. Qd2
Bg7 9. f3 Bd7 10. Bh6 Bxh6 11. Qxh6 Nc6 12. Qd2 Rc8 13. g4 h6 14. h4 Ne5 15.
O-O-O Nc4 16. Bxc4 Qxc4 17. Rhe1 Qc7 18. Nd5 Nxd5 19. exd5 Kf8 20. Qe2 Kg7 21.
g5 Rce8 22. f4 h5 23. Qd3 e6 24. dxe6 fxe6 25. Nb3 Rc8 26. Rd2 d5 27. Qd4+ Kh7
28. Kb1 Rhf8 29. Rf1 b6 30. Qe3 e5 31. Rff2 exf4 32. Qe7+ Kh8 33. Rxd5 Bf5 34.
Qxc7 Rxc7 35. Nd4 Rd7 36. Rxd7 Bxd7 37. Kc1 Bg4 38. Kd2 f3 39. Kc3 Kg8 40. Kc4
Rf4 41. c3 Kf7 42. Kd5 Ke7 43. Nc6+ Ke8 44. Ke5 Rf5+ 45. Ke4 Kf7 46. Ne5+ Kg7
47. Nxf3 Kf8 48. Ke3 Ke7 49. Nd4 Re5+ 50. Kd3 Rd5 51. Rf6 Rd6 52. Rxd6 Kxd6 53.
Ke4 b5 54. Nf3 Bf5+ 55. Kd4 Bb1 56. Ne5 Bc2 57. c4 bxc4 58. Nxc4+ Ke6 59. Kc5
Bd3 60. Kd4 Bxc4 61. Kxc4 Kf5 62. b4 Kg4 63. a4 Kxh4 64. b5 axb5+ 65. axb5 Kg3
66. b6 h4 67. b7 1-0

[Event "Olimpiada de Khanty-Mansiysk 2010"]
[Site "Khanty-Mansiysk RUS"]
[Date "2010.09.29"]
[Round "8"]
[White "Mak, Kei Keng"]
[Black "Yang, Ching Wei Austin"]
[Result "1/2-1/2"]
[WhiteElo "1996"]
[BlackElo "1695"]
[PlyCount "106"]
[EventDate "2010.09.21"]
[EventType "team"]
[EventRounds "11"]
[EventCountry "RUS"]
[Source "lmi"]
[SourceDate "2010.09.21"]
[WhiteTeam "Macao"]
[BlackTeam "TPE"]
[WhiteTeamCountry "MAC"]

1. Nf3 d5 2. b3 c5 3. e3 Nf6 4. Bb2 Nc6 5. Bb5 Bd7 6. O-O e6 7. Bxc6 Bxc6 8.
Ne5 Bd6 9. f4 O-O 10. Rf3 Rc8 11. Rh3 b5 12. Qe1 Bxe5 13. Bxe5 Ng4 14. Bb2 f5
15. Nc3 d4 16. Nd1 Qd5 17. Qe2 Rcd8 18. d3 Rf6 19. Rg3 Rg6 20. e4 Qd6 21. e5
Qd5 22. Bc1 h5 23. Bd2 h4 24. Rf3 Qd7 25. Nf2 Bxf3 26. Qxf3 Nxf2 27. Kxf2 Qd5
28. Qh3 Kf7 29. Rg1 Rh8 30. Qf3 Qxf3+ 31. Kxf3 h3 32. g3 a5 33. Ra1 Ra8 34. Rc1
b4 35. Ra1 a4 36. Be1 axb3 37. cxb3 Ke7 38. Bf2 Rh6 39. Rc1 Ra5 40. Rc2 Rh8 41.
g4 fxg4+ 42. Kxg4 Rha8 43. Kxh3 Rxa2 44. Bh4+ Kd7 45. Rxc5 Rd2 46. Rb5 Rxd3+
47. Kg4 Rxb3 48. Rb7+ Kc6 49. Re7 Kd5 50. Bf2 Rd8 51. Rc7 d3 52. Rc5+ Ke4 53.
Rc4+ Kd5 1/2-1/2

[Event "Olimpiada de Khanty-Mansiysk 2010"]
[Site "Khanty-Mansiysk RUS"]
[Date "2010.09.29"]
[Round "8"]
[White "Shobaita, Ahmed"]
[Black "Chogdov, Munkhbat"]
[Result "0-1"]
[WhiteElo "2072"]
[BlackElo "2236"]
[PlyCount "78"]
[EventDate "2010.09.21"]
[EventType "team"]
[EventRounds "11"]
[EventCountry "RUS"]
[Source "lmi"]
[SourceDate "2010.09.21"]
[WhiteTeam "Palestina"]
[BlackTeam "Corea"]
[WhiteTeamCountry "PLE"]
[BlackTeamCountry "KOR"]

1. e4 e6 2. d3 d5 3. Nd2 Nf6 4. Ngf3 Bb4 5. Qe2 O-O 6. g3 Nc6 7. Bg2 dxe4 8.
dxe4 e5 9. O-O Bg4 10. c3 Bc5 11. b4 Bd6 12. Nc4 Qe7 13. h3 Bh5 14. a4 h6 15.
Ne3 Qe6 16. Nf5 Rfe8 17. g4 Bg6 18. N3h4 Bf8 19. Be3 Rad8 20. Rfd1 Rxd1+ 21.
Rxd1 Qb3 22. g5 Bh5 23. Bf3 Bxf3 24. Qxf3 hxg5 25. Kh2 gxh4 26. Rg1 Ne7 27.
Nxh4 Qe6 28. Bg5 Nh7 29. Be3 g6 30. Nf5 Bg7 31. Bh6 Nxf5 32. exf5 Qf6 33. Bxg7
Kxg7 34. Qe4 c6 35. f4 Re7 36. fxg6 fxg6 37. fxe5 Qe6 38. h4 Qxe5+ 39. Qxe5+
Rxe5 0-1

[Event "Olimpiada de Khanty-Mansiysk 2010"]
[Site "Khanty-Mansiysk RUS"]
[Date "2010.09.29"]
[Round "8"]
[White "Lopez, Jasel"]
[Black "Sanon, Mondoly"]
[Result "1-0"]
[WhiteElo "2101"]
[BlackElo "2120"]
[PlyCount "69"]
[EventDate "2010.09.21"]
[EventType "team"]
[EventRounds "11"]
[EventCountry "RUS"]
[Source "lmi"]
[SourceDate "2010.09.21"]
[WhiteTeam "ARU"]
[BlackTeam "Haití"]
[BlackTeamCountry "HAI"]

1. d4 e6 2. c4 Nf6 3. Nf3 c5 4. d5 exd5 5. cxd5 d6 6. Nc3 Be7 7. g3 Nbd7 8. Bg2
O-O 9. O-O a6 10. a4 b6 11. Nd2 Ne8 12. Nc4 Rb8 13. f4 f5 14. e4 fxe4 15. Nxe4
Ndf6 16. Ng5 Nc7 17. f5 a5 18. b3 Ba6 19. Ne6 Nxe6 20. fxe6 Bxc4 21. bxc4 Qe8
22. Bb2 Qg6 23. Qe2 Kh8 24. Bf3 h6 25. Kg2 Rb7 26. Rf2 Kg8 27. Raf1 Rc7 28.
Bxf6 Rxf6 29. Be4 Qe8 30. Qg4 Rxf2+ 31. Rxf2 Bf8 32. Bg6 Qd8 33. Rf7 Rxf7 34.
exf7+ Kh8 35. Be4 1-0

[Event "Olimpiada de Khanty-Mansiysk 2010"]
[Site "Khanty-Mansiysk RUS"]
[Date "2010.09.29"]
[Round "8"]
[White "Grassi, Enrico"]
[Black "Mungroo, Franklin"]
[Result "0-1"]
[WhiteElo "2053"]
[BlackElo "2156"]
[PlyCount "80"]
[EventDate "2010.09.21"]
[EventType "team"]
[EventRounds "11"]
[EventCountry "RUS"]
[Source "lmi"]
[SourceDate "2010.09.21"]
[WhiteTeam "San Marino"]
[BlackTeam "Surinam"]
[WhiteTeamCountry "SMR"]
[BlackTeamCountry "SUR"]

1. e4 e5 2. Nf3 d6 3. d4 Nd7 4. Bc4 c6 5. a4 Be7 6. O-O Ngf6 7. Qe2 O-O 8. Rd1
Qc7 9. Nc3 b6 10. Bg5 h6 11. Bh4 Re8 12. Bb3 Nf8 13. Qc4 Bd8 14. dxe5 dxe5 15.
Bxf6 gxf6 16. Qd3 Ng6 17. Qe3 Kh7 18. Rd2 Kg7 19. Rad1 Be7 20. Ne2 Bc5 21. Qd3
a5 22. c3 Ba6 23. Qc2 Rad8 24. Ng3 Bc8 25. Nh5+ Kf8 26. Nxf6 Be7 27. Nxe8 Rxe8
28. Qd3 Nf4 29. Qb1 Bg4 30. Qa2 Bc5 31. Bc4 Qe7 32. Be2 Qf6 33. Kf1 Be6 34. b3
Ke7 35. Qb2 b5 36. axb5 cxb5 37. Bxb5 Nxg2 38. Rd7+ Kf8 39. Kxg2 Bh3+ 40. Kg1
Qg6+ 0-1

[Event "Olimpiada de Khanty-Mansiysk 2010"]
[Site "Khanty-Mansiysk RUS"]
[Date "2010.09.29"]
[Round "8"]
[White "Hanoeman, Suradj"]
[Black "Righi, Ezio"]
[Result "1-0"]
[WhiteElo "1992"]
[BlackElo "2116"]
[PlyCount "33"]
[EventDate "2010.09.21"]
[EventType "team"]
[EventRounds "11"]
[EventCountry "RUS"]
[Source "lmi"]
[SourceDate "2010.09.21"]
[WhiteTeam "Surinam"]
[BlackTeam "San Marino"]
[WhiteTeamCountry "SUR"]
[BlackTeamCountry "SMR"]

1. d4 Nf6 2. Nf3 e6 3. e3 c5 4. Bd3 b6 5. O-O Bb7 6. Nbd2 Be7 7. c3 Nc6 8. Re1
Qc7 9. a3 Rc8 10. e4 cxd4 11. cxd4 e5 12. d5 Nb8 13. Nf1 Ba6 14. Ng3 g6 15. Bg5
O-O 16. Bxa6 Nxa6 17. d6 1-0

[Event "Olimpiada de Khanty-Mansiysk 2010"]
[Site "Khanty-Mansiysk RUS"]
[Date "2010.09.29"]
[Round "8"]
[White "Volpinari, Danilo"]
[Black "Veer, Willem"]
[Result "1-0"]
[WhiteElo "2054"]
[BlackElo "1957"]
[PlyCount "73"]
[EventDate "2010.09.21"]
[EventType "team"]
[EventRounds "11"]
[EventCountry "RUS"]
[Source "lmi"]
[SourceDate "2010.09.21"]
[WhiteTeam "San Marino"]
[BlackTeam "Surinam"]
[WhiteTeamCountry "SMR"]
[BlackTeamCountry "SUR"]

1. e4 e6 2. Nc3 d5 3. Nf3 dxe4 4. Nxe4 Be7 5. d4 Nf6 6. Bd3 Nbd7 7. Qe2 Nxe4 8.
Bxe4 Nf6 9. Bxb7 Bxb7 10. Qb5+ Qd7 11. Qxb7 O-O 12. O-O Rfb8 13. Qa6 Rb6 14.
Qe2 Nd5 15. c4 Nb4 16. Be3 Rbb8 17. Ne5 Qe8 18. f4 Nc6 19. Rf3 g6 20. Raf1 Rd8
21. Qf2 Bf6 22. g4 Bg7 23. Rh3 f5 24. Qh4 h6 25. gxf5 exf5 26. Qf2 Rd6 27. Rg3
Kh7 28. b3 a6 29. Re1 Rad8 30. Nxc6 Qxc6 31. d5 Qe8 32. Bc5 Qh8 33. Re7 R6d7
34. Rge3 c6 35. d6 Rxe7 36. Rxe7 Re8 37. Qe2 1-0

[Event "Olimpiada de Khanty-Mansiysk 2010"]
[Site "Khanty-Mansiysk RUS"]
[Date "2010.09.29"]
[Round "8"]
[White "Al Sulaiti, Ali"]
[Black "Ranaivoharisoa, Alain"]
[Result "0-1"]
[WhiteElo "2134"]
[BlackElo "2153"]
[PlyCount "96"]
[EventDate "2010.09.21"]
[EventType "team"]
[EventRounds "11"]
[EventCountry "RUS"]
[Source "lmi"]
[SourceDate "2010.09.21"]
[WhiteTeam "BRN"]
[BlackTeam "Madagascar"]
[BlackTeamCountry "MAD"]

1. e4 c5 2. Nf3 d6 3. d4 cxd4 4. Nxd4 Nf6 5. Nc3 a6 6. Qf3 e6 7. g4 h6 8. h4
Nc6 9. Nxc6 bxc6 10. g5 Nd7 11. Be3 Rb8 12. O-O-O Qa5 13. Bd2 d5 14. exd5 Qa3
15. Bf4 Rxb2 16. dxe6 Rb3+ 17. Kd2 Rxc3 18. exd7+ Bxd7 19. Qe4+ Be7 20. Rb1 O-O
21. Bd3 Rxd3+ 22. Qxd3 Qa5+ 23. Ke2 Bf5 24. Qe3 Bc5 25. Qe5 Bg4+ 26. f3 Be6 27.
Kf1 Qxa2 28. Qxc5 Qxb1+ 29. Kg2 Qa2 30. gxh6 Rd8 31. Qc3 f6 32. Rg1 Kf7 33. Kh2
g6 34. h7 Rh8 35. Bg5 Rxh7 36. Qxf6+ Kg8 37. Qxg6+ Rg7 38. Qe8+ Kh7 39. Qh5+
Kg8 40. Rd1 Bd5 41. Rd2 Qc4 42. Bh6 Bf7 43. Rd8+ Kh7 44. Qf5+ Bg6 45. Qf4 Qe2+
46. Kh1 Rb7 47. Qc1 Qxf3+ 48. Kg1 Qg3+ 0-1

[Event "Olimpiada de Khanty-Mansiysk 2010"]
[Site "Khanty-Mansiysk RUS"]
[Date "2010.09.29"]
[Round "8"]
[White "Paiva, Donaldo"]
[Black "Tsang, Hon Ki"]
[Result "1-0"]
[WhiteElo "2138"]
[BlackElo "2085"]
[PlyCount "77"]
[EventDate "2010.09.21"]
[EventType "team"]
[EventRounds "11"]
[EventCountry "RUS"]
[Source "lmi"]
[SourceDate "2010.09.21"]
[WhiteTeam "Mozambique"]
[BlackTeam "Hong Kong"]
[WhiteTeamCountry "MOZ"]
[BlackTeamCountry "HKG"]

1. e4 e5 2. Nf3 Nc6 3. Bb5 a6 4. Ba4 Nf6 5. O-O Be7 6. Re1 b5 7. Bb3 O-O 8. h3
d6 9. c3 Nb8 10. d4 Nbd7 11. Nbd2 c5 12. Nf1 Re8 13. Ng5 c4 14. Bc2 Bf8 15. f4
Bb7 16. Ng3 g6 17. fxe5 dxe5 18. d5 Bc5+ 19. Kh2 h5 20. Rf1 h4 21. Ne2 Be7 22.
Ng1 Nc5 23. N1f3 Rf8 24. b4 Na4 25. Qe1 Kg7 26. Bxa4 bxa4 27. Qxh4 Rh8 28. Qe1
Rh5 29. Kg1 a3 30. Nxe5 a5 31. Nexf7 Qb8 32. Bf4 Qa7+ 33. Be3 Qa6 34. Bd4 axb4
35. d6 Rxg5 36. Nxg5 Qxd6 37. e5 Qc6 38. exf6+ Kg8 39. f7+ 1-0

[Event "Olimpiada de Khanty-Mansiysk 2010"]
[Site "Khanty-Mansiysk RUS"]
[Date "2010.09.29"]
[Round "8"]
[White "Borigas, Edgardo"]
[Black "Cossa, Pedro Ventura"]
[Result "1-0"]
[WhiteElo "2005"]
[BlackElo "2010"]
[PlyCount "90"]
[EventDate "2010.09.21"]
[EventType "team"]
[EventRounds "11"]
[EventCountry "RUS"]
[Source "lmi"]
[SourceDate "2010.09.21"]
[WhiteTeam "Hong Kong"]
[BlackTeam "Mozambique"]
[WhiteTeamCountry "HKG"]
[BlackTeamCountry "MOZ"]

1. e4 c6 2. d4 d5 3. e5 Bf5 4. Bd3 Qd7 5. Nf3 g6 6. O-O Bg7 7. Ng5 h6 8. Nf3
Bxd3 9. Qxd3 Na6 10. Re1 e6 11. c3 Ne7 12. b4 g5 13. h3 Ng6 14. Nh2 Nc7 15. a4
Qd8 16. Be3 h5 17. f3 Nf4 18. Qd2 Bh6 19. h4 Rg8 20. Kh1 Kd7 21. Nf1 Qe7 22. g3
Ng6 23. hxg5 Bg7 24. Re2 Rh8 25. Rh2 h4 26. g4 a5 27. f4 axb4 28. f5 exf5 29.
gxf5 Nxe5 30. f6 Bxf6 31. gxf6 Qxf6 32. Rf2 Qg6 33. dxe5 Rag8 34. Rf3 Qe4 35.
Qf2 Rg3 36. Nbd2 Qg6 37. Rxf7+ Kc8 38. Rf8+ Rxf8 39. Qxf8+ Ne8 40. Nxg3 hxg3
41. Kg2 bxc3 42. Nf3 Kd7 43. Rh1 c2 44. e6+ Qxe6 45. Rh7+ Kd8 1-0

[Event "Olimpiada de Khanty-Mansiysk 2010"]
[Site "Khanty-Mansiysk RUS"]
[Date "2010.09.29"]
[Round "8"]
[White "Chipanga, Chiletso"]
[Black "Nakapunda, Otto"]
[Result "1-0"]
[WhiteElo "2138"]
[BlackElo "2073"]
[PlyCount "33"]
[EventDate "2010.09.21"]
[EventType "team"]
[EventRounds "11"]
[EventCountry "RUS"]
[Source "lmi"]
[SourceDate "2010.09.21"]
[WhiteTeam "MAW"]
[BlackTeam "Namibia"]
[BlackTeamCountry "NAM"]

1. e4 e5 2. Bc4 Nc6 3. Nf3 Be7 4. d4 exd4 5. c3 dxc3 6. Qd5 Nh6 7. Bxh6 O-O 8.
Nxc3 gxh6 9. O-O d6 10. Qh5 Bf6 11. Qxh6 Bg7 12. Qh5 Bxc3 13. Ng5 Kg7 14. Qxh7+
Kf6 15. Nxf7 Qe8 16. Qh4+ Kg7 17. Qh6+ 1-0

[Event "Olimpiada de Khanty-Mansiysk 2010"]
[Site "Khanty-Mansiysk RUS"]
[Date "2010.09.29"]
[Round "8"]
[White "Dekker, Marvin"]
[Black "Meier, Kurt"]
[Result "1/2-1/2"]
[WhiteElo "2097"]
[BlackElo "1991"]
[PlyCount "46"]
[EventDate "2010.09.21"]
[EventType "team"]
[EventRounds "11"]
[EventCountry "RUS"]
[Source "lmi"]
[SourceDate "2010.09.21"]
[WhiteTeam "Antillas Holandesas"]
[BlackTeam "Seychelles"]
[WhiteTeamCountry "AHO"]
[BlackTeamCountry "SEY"]

1. c4 c5 2. Nc3 Nc6 3. Nf3 g6 4. g3 Bg7 5. Bg2 d6 6. O-O e6 7. d3 Nge7 8. Bd2
a6 9. Rb1 Rb8 10. a4 h6 11. e3 O-O 12. Ne2 d5 13. cxd5 Nxd5 14. d4 cxd4 15.
Nexd4 Nxd4 16. Nxd4 Bd7 17. a5 Qe7 18. b4 Qd6 19. e4 Nc7 20. Be3 Rbd8 21. Rc1
Nb5 22. Nxb5 Bxb5 23. Qxd6 Rxd6 1/2-1/2

[Event "Olimpiada de Khanty-Mansiysk 2010"]
[Site "Khanty-Mansiysk RUS"]
[Date "2010.09.29"]
[Round "8"]
[White "Marcos, Joselito"]
[Black "Kirby, Peter J"]
[Result "1/2-1/2"]
[WhiteElo "2115"]
[BlackElo "2031"]
[PlyCount "54"]
[EventDate "2010.09.21"]
[EventType "team"]
[EventRounds "11"]
[EventCountry "RUS"]
[Source "lmi"]
[SourceDate "2010.09.21"]
[WhiteTeam "Papúa Nueva Guinea"]
[BlackTeam "Islas del Canal"]
[WhiteTeamCountry "PNG"]
[BlackTeamCountry "GCI"]

1. Nf3 Nf6 2. d4 g6 3. c4 Bg7 4. Nc3 d5 5. Bf4 O-O 6. Qd2 c6 7. cxd5 Nxd5 8.
Bh6 Qa5 9. Bxg7 Kxg7 10. e4 Nxc3 11. bxc3 Nd7 12. Be2 Rd8 13. O-O b6 14. Rfd1
Ba6 15. Bxa6 Qxa6 16. Qf4 Qa5 17. Ng5 Rf8 18. Rd3 h6 19. Nf3 Rac8 20. h4 Nf6
21. g4 h5 22. g5 Nd7 23. Nd2 Qa6 24. Qg3 Qb7 25. Re1 Qa6 26. Ra1 Qb7 27. Re1
Qa6 1/2-1/2

[Event "Olimpiada de Khanty-Mansiysk 2010"]
[Site "Khanty-Mansiysk RUS"]
[Date "2010.09.29"]
[Round "8"]
[White "Brookfield, Toby"]
[Black "Press, Shaun"]
[Result "1-0"]
[WhiteElo "1782"]
[BlackElo "2093"]
[PlyCount "50"]
[EventDate "2010.09.21"]
[EventType "team"]
[EventRounds "11"]
[EventCountry "RUS"]
[Source "lmi"]
[SourceDate "2010.09.21"]
[WhiteTeam "Islas del Canal"]
[BlackTeam "Papúa Nueva Guinea"]
[WhiteTeamCountry "GCI"]
[BlackTeamCountry "PNG"]

1. e4 e5 2. f4 exf4 3. Bc4 Nf6 4. Nc3 Bb4 5. Nge2 O-O 6. O-O Qe7 7. d3 d6 8.
Nxf4 Bxc3 9. bxc3 Qe5 10. Bd2 Nc6 11. Qe1 Na5 12. Nd5 Nxd5 13. Bxd5 c6 14. Bf4
Qe7 15. Bb3 Nxb3 16. axb3 Qe6 17. Qg3 d5 18. exd5 cxd5 19. Rae1 Qb6+ 20. Be3
Qg6 21. Qf2 b6 22. Bd4 Be6 23. Re3 Qh6 24. Rg3 g5 25. Qe3 Bc8 1-0

[Event "Olimpiada de Khanty-Mansiysk 2010"]
[Site "Khanty-Mansiysk RUS"]
[Date "2010.09.30"]
[Round "9"]
[White "Efimenko, Zahar"]
[Black "Safarli, Eltaj"]
[Result "1-0"]
[WhiteElo "2683"]
[BlackElo "2607"]
[PlyCount "135"]
[EventDate "2010.09.21"]
[EventType "team"]
[EventRounds "11"]
[EventCountry "RUS"]
[Source "lmi"]
[SourceDate "2010.09.21"]
[WhiteTeam "Ucrania"]
[BlackTeam "Azerbaiyán"]
[WhiteTeamCountry "UKR"]
[BlackTeamCountry "AZE"]

1. e4 c5 2. Nf3 d6 3. d4 cxd4 4. Nxd4 Nf6 5. Nc3 a6 6. Be2 e5 7. Nb3 Be7 8. O-O
O-O 9. Be3 Be6 10. Nd5 Nbd7 11. Qd3 Bxd5 12. exd5 Nc5 13. Qd2 b6 14. f3 Nh5 15.
Rfd1 f5 16. Nxc5 bxc5 17. c3 Bh4 18. Bd3 g6 19. b4 cxb4 20. cxb4 Bf6 21. Rab1
e4 22. fxe4 Be5 23. Bf2 f4 24. Be2 Nf6 25. Qd3 g5 26. Qh3 Kg7 27. Bg4 Nxe4 28.
Bf5 Rxf5 29. Qxf5 Nc3 30. a4 Rb8 31. Re1 Nxb1 32. Rxb1 Rb7 33. b5 axb5 34. axb5
Qf6 35. Qxf6+ Kxf6 36. b6 Bc3 37. Rc1 Ba5 38. Kf1 Ke5 39. Ra1 Bb4 40. Ra7 Rb8
41. Rxh7 Bc5 42. b7 Kxd5 43. Rc7 Kc4 44. Rg7 Kd3 45. h3 Be3 46. Rd7 Ke4 47. Ke2
Bxf2 48. Kxf2 d5 49. Ke2 Ke5 50. Kd3 Ke6 51. Rc7 Kd6 52. Rh7 Rf8 53. Rf7 Re8
54. Rg7 Kc6 55. Re7 Rf8 56. Kd4 Rd8 57. Rg7 Re8 58. Rg6+ Kxb7 59. Kxd5 f3 60.
gxf3 Rh8 61. Rxg5 Rxh3 62. f4 Kc7 63. Ke6 Rh6+ 64. Kf7 Rh7+ 65. Rg7 Rh6 66. f5
Kd7 67. f6 Rh8 68. Rg1 1-0

[Event "Olimpiada de Khanty-Mansiysk 2010"]
[Site "Khanty-Mansiysk RUS"]
[Date "2010.09.30"]
[Round "9"]
[White "Grischuk, Alexander"]
[Black "Akopian, Vladimir"]
[Result "1/2-1/2"]
[WhiteElo "2760"]
[BlackElo "2691"]
[PlyCount "80"]
[EventDate "2010.09.21"]
[EventType "team"]
[EventRounds "11"]
[EventCountry "RUS"]
[Source "lmi"]
[SourceDate "2010.09.21"]
[WhiteTeam "RU1"]
[BlackTeam "Armenia"]
[BlackTeamCountry "ARM"]

1. c4 e5 2. Nc3 Nc6 3. g3 g6 4. Bg2 Bg7 5. e4 h5 6. h4 d6 7. Nge2 Bg4 8. f3 Be6
9. d3 Qd7 10. Nd5 Nce7 11. d4 c6 12. Nxe7 Qxe7 13. d5 Bd7 14. Qb3 b6 15. dxc6
Bxc6 16. Nc3 Bh6 17. Bh3 Bxc1 18. Rxc1 g5 19. hxg5 Qxg5 20. Ke2 Ne7 21. Rcg1 f5
22. Qd1 Rf8 23. Qd2 Qg6 24. Qe3 O-O-O 25. a4 Kb7 26. Kd2 Rf7 27. Bf1 fxe4 28.
fxe4 Rdf8 29. Be2 Rh7 30. a5 Ng8 31. axb6 axb6 32. g4 hxg4 33. Rxg4 Qf7 34.
Rxh7 Qxh7 35. Qg1 Ne7 36. Rg7 Qh6+ 37. Kc2 Qf6 38. Qg5 Qxg5 39. Rxg5 Rg8 40.
Rxg8 Nxg8 1/2-1/2

[Event "Olimpiada de Khanty-Mansiysk 2010"]
[Site "Khanty-Mansiysk RUS"]
[Date "2010.09.30"]
[Round "9"]
[White "Sargissian, Gabriel"]
[Black "Svidler, Peter"]
[Result "0-1"]
[WhiteElo "2677"]
[BlackElo "2731"]
[PlyCount "79"]
[EventDate "2010.09.21"]
[EventType "team"]
[EventRounds "11"]
[EventCountry "RUS"]
[Source "lmi"]
[SourceDate "2010.09.21"]
[WhiteTeam "Armenia"]
[BlackTeam "RU1"]
[WhiteTeamCountry "ARM"]

1. d4 Nf6 2. c4 g6 3. Nc3 d5 4. cxd5 Nxd5 5. e4 Nxc3 6. bxc3 Bg7 7. Be3 c5 8.
Rc1 Qa5 9. Qd2 O-O 10. Nf3 Rd8 11. d5 e6 12. Bg5 f6 13. Bf4 Qa4 14. c4 Nc6 15.
Be3 exd5 16. exd5 Nb4 17. Bxc5 a5 18. Nd4 Re8+ 19. Be2 Qxa2 20. Nb5 Bf5 21.
Qxa2 Nxa2 22. Ra1 Nb4 23. Kd2 Nc2 24. Raf1 Bh6+ 25. f4 Rac8 26. Bd6 Ne3 27. Nc7
Nxf1+ 28. Rxf1 Red8 29. Nb5 Bf8 30. Bxf8 Kxf8 31. g4 Bd7 32. Nd6 Rc7 33. f5
gxf5 34. gxf5 b5 35. cxb5 Rc5 36. Bc4 Bxb5 37. Nxb5 Rxc4 38. Kd3 Rc5 39. Nc3
Rdc8 40. Kd4 0-1